000 00835nam a2200253Ia 4500
003 OSt
005 20220930062328.0
006 a|||||r|||| 00| 0
007 ta
008 220926b |||||||| |||| 00| 0 eng d
024 _a990
037 _cTheses
040 _aCRL
_cCRL
_beng
041 _2eng
_aeng
100 _aDarshan Kaur
_9521052
110 _aUniversity of Delhi. Faculty of Science. Department of Botany
245 0 _aHistolopathological and histochemical studies in Brassics compastris L. infected with Albugo candida (Pers. Ex. Hook) O. Kuntze
260 _c1979
650 _aBOTANY
700 _a Prof K G Mukherji Supervisor
_9521053
700 _aUniversity of Delhi. Faculty of Science. Department of Botany
942 _cDIS
_2CC
999 _c855403
_d855403